Estatísticas para Vocabulario Português ➡ Inglês: Animais

Clique aqui para jogar o quiz

Estatísticas Gerais

  • Esse quiz foi jogado 1 704 vezes
  • A pontuação média é 29 de 48

Estatísticas das Respostas

PortuguêsInglês% Correto
gatocat
100%
cãodog
99%
cavalohorse
95%
porcopig
93%
peixefish
92%
vacacow
91%
pássarobird
89%
leãolion
89%
coelhorabbit
87%
macacomonkey
85%
galinhachicken
83%
ursobear
82%
patoduck
82%
aranhaspider
82%
tigretiger
82%
borboletabutterfly
80%
ratorat
78%
elefanteelephant
77%
camundongomouse
77%
tubarãoshark
77%
lobowolf
77%
morcegobat
72%
serpentesnake
70%
golfinhodolphin
55%
frog
54%
ovelhasheep
54%
girafagiraffe
53%
moscafly
51%
corujaowl
51%
baleiawhale
50%
camelocamel
48%
cabragoat
46%
leopardoleopard
45%
gorilagorilla
43%
polvooctopus
43%
flamingoflamingo
40%
lagartolizard
40%
esquilosquirrel
38%
papagaioparrot
35%
hipopótamohippopotamus
34%
camarãoshrimp
33%
veadodeer
30%
água-vivajellyfish
29%
rinoceronterhinocerous
29%
lulasquid
29%
caracolsnail
22%
guepardocheetah
19%
avestruzostrich
19%

Distribuição das Pontuações

Percentil de Números Respondidos

Porcentagem de Pessoas com Cada Pontuação

Sua Pontuação Histórica

Você não jogou esse quiz